Statistiques concernant Culture Générale - Série 1212

Cliquez ici pour prendre le quiz!

Statistiques générales

  • Ce quiz a été pris 51 fois
  • Le résultat moyen est 7 sur 10

Statistiques - réponses

QuestionRéponse% Correct
De quel pays vient l'art traditionnel du papier plié appelé : origami ?Japon
100%
Au cours de quel mois les “saints de glace” sont-ils fêtés ?mai
93%
Sur un clavier d'ordinateur, de quel mot anglais les lettres : "Ctrl", sont-elles l'abréviation ?Control
93%
Avec Herculanum et Torre Annunziata, quelle ville située au pied du Vésuve est considérée par l'Unesco comme un musée archéologique à ciel ouvert ?Pompéi
89%
Quelle mer borde les côtes du Monténégro ?mer Adriatique
82%
Quel type de coquillages mange un dégustateur de belons ?huîtres
66%
De quel pays fait partie la province du Vorarlberg ?Autriche
52%
Quel réalisateur produit la série des films “Taxi” depuis 1998 ?Luc Besson
45%
Pendant la Révolution, quel nom a-t-on donné au groupe de députés radicaux comprenant Marat, Danton et Robespierre, car ils siégeaient sur les plus hauts bancs de l'Assemblée législative ?montagnards
39%
Quelle ville d'Allemagne est la capitale de la Rhénanie-du-Nord-Westphalie ?Düsseldorf
32%

Distribution des résultats

Percentile par nombre de réponses

% des personnes avec chaque résultat

Votre développement - résultats

Vous n’avez pas pris ce quiz